El arquitecto y su obra en el cuidado de los monumentos / (Record no. 190197)
[ view plain ]
| 000 -LEADER | |
|---|---|
| campo de control de longitud fija | 00865nam a2200193 i 4500 |
| 001 - NÚMERO DE CONTROL | |
| campo de control | 190197 |
| 003 - IDENTIFICADOR DE NÚMERO DE CONTROL | |
| campo de control | ES-MaACL |
| 005 - FECHA Y HORA DE LA ÚLTIMA TRANSACCIÓN | |
| campo de control | 20230906223650.0 |
| 008 - DATOS DE LONGITUD FIJA--INFORMACIÓN GENERAL | |
| campo de control de longitud fija | 200914s1956 sp |||| | spa d |
| 100 0# - ENTRADA PRINCIPAL--NOMBRE DE PERSONA | |
| Nombre de persona | Menéndez Pidal y Alvárez, Luis. |
| 9 (RLIN) | 80317 |
| 245 13 - MENCIÓN DEL TÍTULO | |
| Título | El arquitecto y su obra en el cuidado de los monumentos / |
| Mención de responsabilidad, etc. | Discurso leído por... D. Luis Menéndez Pidal y Alvarez, el día 27 de mayo de 1956, con motivo de su recepción, y contestación de... D. José Yárnoz Larrosa. |
| 260 ## - PUBLICACIÓN, DISTRIBUCIÓN, ETC. | |
| Lugar de publicación, distribución, etc. | Madrid : |
| Nombre del editor, distribuidor, etc. | [s.n.], |
| Fecha de publicación, distribución, etc. | 1956 ( |
| Fabricante | Gráf. Altamira) |
| 300 ## - DESCRIPCIÓN FÍSICA | |
| Extensión | 70 p., 3 lám. ; |
| Dimensiones | 26 cm. |
| 594 ## - Nota al título y mención de responsabilidad | |
| Nota al título y mención de responsabilidad | Precede al tít.: Real Academia de Bellas Artes de San Fernando. |
| 650 #4 - PUNTO DE ACCESO ADICIONAL DE MATERIA--TÉRMINO DE MATERIA | |
| Término de materia o nombre geográfico como elemento de entrada | Monumentos- |
| Subdivisión general | Preservación. |
| 9 (RLIN) | 170311 |
| 700 0# - ENTRADA AGREGADA--NOMBRE PERSONAL | |
| Nombre de persona | Yárnoz Larrosa, José. |
| 9 (RLIN) | 117581 |
| 710 2# - ENTRADA AGREGADA--NOMBRE DE ENTIDAD CORPORATIVA | |
| Nombre de entidad corporativa o nombre de jurisdicción como elemento de entrada | Real Academia de Bellas Artes de San Fernando. |
| 9 (RLIN) | 6291 |
| 852 ## - LOCALIZACIÓN | |
| Ubicación | ES-MaACL |
| Número de control de estantería | F-M-III-N |
| Estatus retirado | Estado de pérdida | Estado de daño | No para préstamo | Biblioteca de origen | Biblioteca actual | Ubicación en estantería | Fecha de adquisición | Fuente de adquisición | Total de préstamos | Signatura topográfica completa | Código de barras | Visto por última vez | Precio de reemplazo | Tipo de ítem Koha |
|---|---|---|---|---|---|---|---|---|---|---|---|---|---|---|
| Biblioteca del Ateneo de Madrid | Biblioteca del Ateneo de Madrid | Administración | 19/05/2005 | F-M-III-N | 1201970 | 23/02/2023 | 23/02/2023 | Libro impreso |
